Fundamentals of Processing and Food Engineering/ (Record no. 199496)
[ view plain ]
| 000 -LEADER | |
|---|---|
| fixed length control field | 00967nam a22002417a 4500 |
| 005 - DATE AND TIME OF LATEST TRANSACTION | |
| control field | 20240321111937.0 |
| 008 - FIXED-LENGTH DATA ELEMENTS--GENERAL INFORMATION | |
| fixed length control field | 110317t xxu||||| |||| 00| 0 eng d |
| 010 ## - LCCN (DPL NO) | |
| LC control number | B-756558-561 ENG-139850 |
| 020 ## - INTERNATIONAL STANDARD BOOK NUMBER | |
| International Standard Book Number | 9789354616792 |
| Terms of availability | 295.00 |
| 035 ## - SYSTEM CONTROL NUMBER | |
| System control number | B-756558-561 |
| 035 ## - SYSTEM CONTROL NUMBER | |
| System control number | EN-123382 |
| 037 ## - SOURCE OF ACQUISITION | |
| Source of stock number/acquisition | Astral |
| 082 ## - DEWEY DECIMAL CLASSIFICATION NUMBER | |
| Classification number | 664 |
| 100 1# - MAIN ENTRY--PERSONAL NAME | |
| 9 (RLIN) | 26630 |
| Personal name | Grover, Rinku |
| 245 10 - TITLE STATEMENT | |
| Title | Fundamentals of Processing and Food Engineering/ |
| Statement of responsibility, etc | By Rinku Grover and Raveena Kargwal |
| 260 ## - PUBLICATION, DISTRIBUTION, ETC. (IMPRINT) | |
| Place of publication, distribution, etc | New Delhi |
| Name of publisher, distributor, etc | Astral International Pvt Ltd |
| Date of publication, distribution, etc | 2022 |
| 270 ## - ADDRESS | |
| Address | 4736/23, Ansari Road, Darya Ganj, |
| City | New Delhi |
| Postal code | 110002 |
| 300 ## - PHYSICAL DESCRIPTION | |
| Extent | vii, 235p. |
| Dimensions | 23cm (pbk) |
| 500 ## - GENERAL NOTE | |
| General note | Includes index |
| 700 ## - ADDED ENTRY--PERSONAL NAME | |
| Personal name | Kargwal, Raveena |
| 9 (RLIN) | 59561 |
| 942 ## - ADDED ENTRY ELEMENTS (KOHA) | |
| Source of classification or shelving scheme | Dewey Decimal Classification |
| Item type | English Books |
| Call number suffix | GRO |
| Classification part | 664 |
| Withdrawn status | Lost status | Source of classification or shelving scheme | Damaged status | Not for loan | Collection code | Home library | Current library | Date acquired | Source of acquisition | Cost, normal purchase price | Total Checkouts | Full call number | Barcode | Date last seen | Copy number | Cost, replacement price | Koha item type |
|---|---|---|---|---|---|---|---|---|---|---|---|---|---|---|---|---|---|
| Dewey Decimal Classification | Non-fiction | Bawana | Bawana | 21/03/2024 | DBAD | 295.00 | GRO 664 | EN-123382 | 21/03/2024 | 1 | 295.00 | English Books | |||||
| Dewey Decimal Classification | Non-fiction | Central Library | Central Library | 27/12/2023 | Astral International Private Limited/LB-1237/4.12.23/37/23.11.23/4.12.23 | 295.00 | GRO 664 | B-756558 | 27/12/2023 | 1 | 295.00 | English Books | |||||
| Dewey Decimal Classification | Non-fiction | Kasturba Gandhi Marg | Kasturba Gandhi Marg | 27/12/2023 | Astral International Private Limited/LB-1237/4.12.23/37/23.11.23/4.12.23 | 295.00 | GRO 664 | B-756560 | 27/12/2023 | 3 | 295.00 | English Books | |||||
| Dewey Decimal Classification | Non-fiction | Patel Nagar | Patel Nagar | 27/12/2023 | Astral International Private Limited/LB-1237/4.12.23/37/23.11.23/4.12.23 | 295.00 | GRO 664 | B-756559 | 27/12/2023 | 2 | 295.00 | English Books | |||||
| Dewey Decimal Classification | Non-fiction | Shahdara Branch | Shahdara Branch | 27/12/2023 | Astral International Private Limited/LB-1237/4.12.23/37/23.11.23/4.12.23 | 295.00 | GRO 664 | B-756561 | 27/12/2023 | 4 | 295.00 | English Books |
